Hablemos de Dios : (Record no. 209198)

MARC details
000 -CABECERA
campo de control de longitud fija 00715nam a2200241 a 4500
003 - IDENTIFICADOR DEL NÚMERO DE CONTROL
campo de control MX-MxUPN
005 - FECHA Y HORA DE LA ÚLTIMA TRANSACCIÓN
campo de control 20230311063747.0
008 - ELEMENTOS DE LONGITUD FIJA--INFORMACIÓN GENERAL
campo de control de longitud fija 230221t2019 sp |||||r|||| 000 0 spa d
020 ## - NÚMERO INTERNACIONAL NORMALIZADO PARA LIBROS
Número Internacional Estándar del Libro 9788430623068
040 ## - FUENTE DE LA CATALOGACIÓN
Centro catalogador/agencia de origen MX-MxUPN
Lengua de catalogación spa
Centro/agencia transcriptor MX-MxUPN
041 0# - CÓDIGO DE IDIOMA
Código de lengua del texto/banda sonora o título independiente spa
050 14 - SIGNATURA TOPOGRÁFICA DE LA BIBLIOTECA DEL CONGRESO
Número de clasificación BT103
Número de documento/Ítem C36 2019
100 1# - ASIENTO PRINCIPAL--NOMBRE PERSONAL
Nombre de persona Camps, Victoria
9 (RLIN) 28640
100 1# - ASIENTO PRINCIPAL--NOMBRE PERSONAL
Nombre de persona Valcárcel, Amelia,
Fechas asociadas al nombre 1950-
9 (RLIN) 48208
245 10 - MENCIÓN DE TÍTULO
Título Hablemos de Dios :
Resto del título un diálogo sobre la religión en el siglo XXI
250 ## - MENCIÓN DE EDICIÓN
Mención de edición Segunda edición.
260 ## - PUBLICACIÓN, DISTRIBUCIÓN, ETC.
Lugar de publicación, distribución, etc. Barcelona :
Nombre del editor, distribuidor, etc. Taurus,
Fecha de publicación, distribución, etc. ©2019
300 ## - DESCRIPCIÓN FÍSICA
Extensión 286 páginas
650 #4 - ASIENTO SECUNDARIO DE MATERIA - TERMINO TEMATICO
Término de materia o nombre geográfico como elemento de entrada Dios (Cristianismo)
9 (RLIN) 48209
902 ## - ELEMENTOS DE DATOS B LOCAL, LDB (RLIN)
Creó MarisolLicea/210223
Modificó Víctor Ruiz/090323
942 ## - ELEMENTOS DE PUNTO DE ACCESO ADICIONAL (KOHA)
Fuente del sistema de clasificación o colocación Library of Congress Classification
Tipo de ítem Koha Libro
Suprimir en OPAC No
Holdings
Estado de retiro Estado de pérdida Fuente del sistema de clasificación o colocación Estado dañado No para préstamo Código de colección Localización permanente Ubicación/localización actual Ubicación en estantería Fecha de adquisición Total de préstamos Clasificación Código de barras Fecha visto por última vez Fecha del último préstamo Tipo de ítem Koha Nota pública Número de copia
    Library of Congress Classification     Colección General Bib. Gregorio Torres Quintero Bib. Gregorio Torres Quintero Planta baja 21/02/2023 1 BT103 C36 2019 336292 06/10/2023 21/09/2023 Libro Bibliografía de la Unidad de Igualdad de Género e Inclusión  
    Library of Congress Classification     Colección General Bib. Gregorio Torres Quintero Bib. Gregorio Torres Quintero Planta baja 21/02/2023 1 BT103 C36 2019 336293 05/10/2023 19/09/2023 Libro Bibliografía de la Unidad de Igualdad de Género e Inclusión Ej. 2